[Event "46th Rilton Cup 2016-17"]
[Site "Stockholm SWE"]
[Date "2017.01.01"]
[Round "5.24"]
[White "Hauge, Lars Oskar"]
[Black "Saravanan, V."]
[Result "1/2-1/2"]
[WhiteTitle "IM"]
[BlackTitle "IM"]
[WhiteElo "2431"]
[BlackElo "2306"]
[WhiteFideId "1509276"]
[BlackFideId "5000580"]
[EventDate "2016.12.27"]

1. d4 Nf6 2. Bg5 c5 3. d5 Qb6 4. Nc3 Qxb2 5. Bd2 Qb6 6. Rb1 Qd8 7. e4 d6 8. f4
e5 9. dxe6 fxe6 10. Nf3 Be7 11. e5 Nd5 12. Ne4 O-O 13. exd6 Bxd6 14. g3 Nc6 15.
Bd3 Nf6 16. Qe2 Nb4 17. Bxb4 cxb4 18. Nfg5 h6 19. Nxf6+ Qxf6 20. Ne4 Qe7 21.
Nxd6 Qxd6 22. Qe4 Bd7 23. O-O Bc6 24. Qh7+ Kf7 25. Rfe1 Qc5+ 26. Kf1 Bb5 27.
Qg6+ Kg8 28. Qxe6+ Kh8 29. Qe7 Bxd3+ 30. cxd3 Qc2 31. Qe2 Qc6 32. Qg2 Qb5 33.
Qe4 a5 34. Qc4 Qd7 35. Rbd1 Rac8 36. Qe6 Qd4 37. Re2 Rfd8 38. Qe4 Rc3 39. Qxd4
Rxd4 40. Red2 b3 41. axb3 Rxb3 42. Ke2 a4 43. Ke3 Rd7 44. Ke4 Kg8 45. d4 Kf7 46.
d5 Rb4+ 47. Ke5 Rb5 48. Rd4 Ra5 49. g4 a3 50. Ra1 Ra6 51. f5 Re7+ 52. Kf4 Ke8
53. d6 Re2 54. Kf3 Re5 55. Rd3 Kd7 56. Raxa3 Rxa3 57. Rxa3 Kxd6 58. h4 Rc5 59.
Re3 Rc7 60. g5 hxg5 61. hxg5 b5 62. Rb3 Rb7 63. Ke4 b4 64. Kd4 Rb5 65. Rf3 b3
66. f6 gxf6 67. gxf6 Rb8 68. f7 Ke7 69. f8=Q+ 1/2-1/2

[Event "46th Rilton Cup 2016-17"]
[Site "Stockholm SWE"]
[Date "2017.01.01"]
[Round "5.25"]
[White "Kazakovskiy, Valeriy"]
[Black "Nesterov, Arseniy"]
[Result "1-0"]
[WhiteTitle "IM"]
[WhiteElo "2430"]
[BlackElo "2296"]
[WhiteFideId "13507443"]
[BlackFideId "24198455"]
[EventDate "2016.12.27"]

1. d4 e6 2. c4 b6 3. e4 Bb7 4. Bd3 Nc6 5. Ne2 Nb4 6. Nbc3 Nxd3+ 7. Qxd3 d6 8. d5
Nf6 9. f4 Be7 10. Nd4 Qc8 11. e5 dxe5 12. fxe5 Ng4 13. Qg3 exd5 14. h3 c5 15.
Nf3 d4 16. Nd5 Bxd5 17. cxd5 Nxe5 18. Qxe5 O-O 19. O-O Bf6 20. Qg3 Qf5 21. Nd2
Qg6 22. Qf3 Rad8 23. Ne4 Be5 24. Bd2 f6 25. Rae1 Qf7 26. Bf4 Bxf4 27. Qxf4 Qxd5
28. b3 b5 29. Qg3 Kh8 30. Qc7 c4 31. bxc4 bxc4 32. Qxa7 c3 33. Qa3 f5 34. Nf2
Ra8 35. Qb3 Qd7 36. Nd3 Rfb8 37. Qc2 g6 38. Rf2 Ra7 39. Rfe2 Rba8 40. Qb3 Rb7
41. Qc4 Rc7 42. Qb4 Rb7 43. Qc5 Rc7 44. Qe5+ Qg7 45. Qd6 Rf8 46. Re8 Rf7 47.
R1e5 c2 48. Qc5 1-0

[Event "46th Rilton Cup 2016-17"]
[Site "Stockholm SWE"]
[Date "2017.01.01"]
[Round "5.26"]
[White "Stefansson, Vignir Vatnar"]
[Black "Bergstrom, Rolf"]
[Result "1/2-1/2"]
[WhiteTitle "FM"]
[BlackTitle "FM"]
[WhiteElo "2404"]
[BlackElo "2290"]
[WhiteFideId "2308649"]
[BlackFideId "1702386"]
[EventDate "2016.12.27"]

1. c4 e5 2. g3 d6 3. Bg2 f5 4. d4 Be7 5. dxe5 dxe5 6. Qxd8+ Bxd8 7. e4 Nc6 8.
Na3 fxe4 9. Bxe4 Nf6 10. Bxc6+ bxc6 11. Nf3 e4 12. Nd4 Be7 13. Nac2 Bd7 14. O-O
O-O 15. Be3 Bd6 16. Rfe1 Ng4 17. b3 Rae8 18. Kg2 Re5 19. h3 Nxe3+ 20. Nxe3 h5
21. Rac1 a6 22. Rc2 Bc5 23. Rd1 Re7 24. Re2 g6 25. Ndc2 a5 26. Red2 Bc8 27. Rd8
Ree8 28. Rxe8 Rxe8 29. a3 Bd6 30. b4 axb4 31. axb4 c5 32. Nd5 Rf8 33. b5 Bb7 34.
Nce3 Kf7 35. Ra1 Ra8 36. Rxa8 Bxa8 37. Kf1 Bb7 38. Ke2 Bc8 39. h4 Bh3 40. Nc3
Bf5 41. Nxf5 gxf5 42. Nd5 Ke6 43. Kd2 Be5 44. Ke2 Kf7 45. f4 exf3+ 46. Kxf3 Ke6
47. Ne3 Bd6 48. Ng2 Kf7 49. Ne3 Ke6 50. Nf1 Ke5 51. Ne3 Ke6 52. Ng2 Kf7 53. Ne1
Ke6 54. Nd3 Kf7 55. Nc1 Ke6 56. Nb3 Ke5 57. Ke3 Kf6 58. Kf2 Ke6 59. Na5 Ke5 60.
Nb7 Ke6 61. Kf3 Be7 62. Kf4 Kf6 63. Ke3 Ke6 64. Kf3 Kf7 65. Na5 Bd6 66. Nb3 Ke6
67. Nc1 Kf7 68. Ne2 Ke6 69. Ke3 Kf7 70. Kd2 Ke6 71. Kd3 Kf7 72. Ke3 Ke6 73. Kf3
Kf7 74. Nc3 Ke6 75. Nd5 Be5 76. b6 cxb6 77. Nxb6 Bd6 78. Na4 Kf7 79. Nc3 Ke6 80.
Ne2 Kf7 81. Ke3 Ke6 82. Kd3 Be5 83. Kd2 Kd6 84. Kc2 Kc6 85. Kc1 Bd6 1/2-1/2

[Event "46th Rilton Cup 2016-17"]
[Site "Stockholm SWE"]
[Date "2017.01.01"]
[Round "5.27"]
[White "Grafl, Florian"]
[Black "Morrison, Graham SCO"]
[Result "1-0"]
[WhiteTitle "IM"]
[BlackTitle "FM"]
[WhiteElo "2394"]
[BlackElo "2283"]
[WhiteFideId "4645715"]
[BlackFideId "2400090"]
[EventDate "2016.12.27"]

1. Nf3 c5 2. c4 Nf6 3. Nc3 e6 4. g3 b6 5. Bg2 Bb7 6. O-O Be7 7. Re1 d5 8. cxd5
exd5 9. d4 O-O 10. Bf4 Na6 11. Rc1 Ne4 12. Nd2 cxd4 13. Ncxe4 dxe4 14. Nxe4 Kh8
15. Rc4 d3 16. Qxd3 Qxd3 17. exd3 Bd5 18. Ra4 Bb7 19. Nc3 Bxg2 20. Kxg2 Nc5 21.
Rxe7 Nxa4 22. Nxa4 Kg8 23. Kf3 Rfe8 24. Rb7 Rad8 25. Rxa7 Rxd3+ 26. Be3 b5 27.
Nc5 Rdd8 28. a4 Ra8 29. Rxa8 Rxa8 30. axb5 Rb8 31. Ke4 Rxb5 32. b3 Kf8 33. Kd5
Ke7 34. Kc6 Rb8 35. Bf4 Rb4 36. Bd2 Rd4 37. Bc3 Rd6+ 38. Kc7 g5 39. b4 Rd5 40.
Kc6 Rd6+ 41. Kb7 Rh6 42. Bd2 f6 43. b5 Rxh2 44. Be3 h5 45. Kc7 1-0

[Event "46th Rilton Cup 2016-17"]
[Site "Stockholm SWE"]
[Date "2017.01.01"]
[Round "5.28"]
[White "Chizhikov, Vladislav"]
[Black "Krishna, C R G"]
[Result "1/2-1/2"]
[BlackTitle "IM"]
[WhiteElo "2262"]
[BlackElo "2390"]
[WhiteFideId "4178157"]
[BlackFideId "5018625"]
[EventDate "2016.12.27"]

1. e4 e6 2. d4 d5 3. Nc3 Bb4 4. e5 c5 5. a3 Bxc3+ 6. bxc3 Qa5 7. Bd2 Qa4 8. Qg4
g6 9. Qd1 Nc6 10. Nf3 c4 11. h4 h6 12. h5 g5 13. Nh2 f5 14. exf6 Nxf6 15. Be2
Bd7 16. O-O O-O-O 17. f4 Rdf8 18. fxg5 hxg5 19. Bf3 Rfg8 20. g4 e5 21. Bg2 Ne4
22. Bxe4 dxe4 23. Be3 Qa5 24. Qd2 exd4 25. Bxd4 Rh7 26. Rae1 Re8 27. Rf6 Rhe7
28. Qe3 Be6 29. Rg6 Rd7 30. Rxg5 Qxa3 31. h6 Bg8 32. Rg7 Nxd4 33. Rxd7 Nxc2 34.
Qg5 Nxe1 35. Rg7 Qf8 36. Qb5 Bf7 37. Qf5+ Be6 38. Qb5 Bf7 39. Qf5+ Be6 40. Qb5
Bf7 1/2-1/2

[Event "46th Rilton Cup 2016-17"]
[Site "Stockholm SWE"]
[Date "2017.01.01"]
[Round "5.30"]
[White "Balcerak, Philipp"]
[Black "Johansson, Gunnar"]
[Result "1/2-1/2"]
[WhiteElo "2372"]
[BlackElo "2210"]
[WhiteFideId "4655036"]
[BlackFideId "1703501"]
[EventDate "2016.12.27"]

1. e4 c5 2. Nf3 Nc6 3. d4 cxd4 4. Nxd4 e6 5. Nc3 Qc7 6. Be3 a6 7. Qf3 Nf6 8.
O-O-O Ne5 9. Qg3 b5 10. f4 Neg4 11. Bd2 Qa7 12. e5 Qxd4 13. exf6 Nxf6 14. Be3
Qb4 15. f5 Bb7 16. Qc7 Bc6 17. a3 Qg4 18. Be2 Qxg2 19. fxe6 fxe6 20. Rhg1 Qh3
21. Rg3 Qxh2 22. Bg1 Qh4 23. Kb1 Be7 24. Rxg7 Rg8 25. Rxg8+ Nxg8 26. Qe5 Bf6 27.
Bh5+ Kf8 28. Qc5+ Kg7 29. Bf2 Qf4 30. Rg1+ Kh8 31. Be2 Qe5 32. Qb4 a5 33. Qg4 b4
34. Nd1 Nh6 35. Qh3 Qxe2 36. Qxh6 Qe5 37. Rg4 Bg7 38. Qh4 Qf6 39. Qg3 Rf8 40.
Bc5 Rg8 41. Rf4 Qd8 42. Rf7 Qe8 43. Rxg7 Rxg7 44. Bd4 Qf7 45. Bxg7+ Qxg7 46.
Qb8+ Qg8 47. Qe5+ Qg7 1/2-1/2

[Event "46th Rilton Cup 2016-17"]
[Site "Stockholm SWE"]
[Date "2017.01.01"]
[Round "5.31"]
[White "Nielsen, Rogvi Egilstoft"]
[Black "Hallman, Valo"]
[Result "1-0"]
[WhiteTitle "FM"]
[WhiteElo "2351"]
[BlackElo "2098"]
[WhiteFideId "7200447"]
[BlackFideId "508098"]
[EventDate "2016.12.27"]

1. e4 d6 2. d4 Nf6 3. f3 e6 4. Be3 Be7 5. Bd3 c5 6. c3 Nc6 7. Ne2 a6 8. O-O O-O
9. Nd2 b5 10. Qe1 Bb7 11. Rc1 Rc8 12. Qg3 Na5 13. Qh3 Qd7 14. f4 e5 15. Qg3 Qg4
16. d5 Qxg3 17. Nxg3 Ng4 18. Nf5 Nxe3 19. Nxe7+ Kh8 20. Rf3 Rc7 21. fxe5 Rxe7
22. Rxe3 Rxe5 23. b4 cxb4 24. cxb4 Nc4 25. Bxc4 bxc4 26. Nxc4 Re7 27. Nxd6 Bxd5
28. a4 g6 29. Rc5 Bb7 30. Kf2 Rd8 31. e5 f6 32. exf6 Red7 33. Rce5 1-0

[Event "46th Rilton Cup 2016-17"]
[Site "Stockholm SWE"]
[Date "2017.01.01"]
[Round "5.32"]
[White "Risting, Eivind Olav"]
[Black "Bellon Lopez, Juan Manuel"]
[Result "0-1"]
[WhiteTitle "FM"]
[BlackTitle "GM"]
[WhiteElo "2222"]
[BlackElo "2336"]
[WhiteFideId "1517333"]
[BlackFideId "2200031"]
[EventDate "2016.12.27"]

1. Nf3 d5 2. g3 Bf5 3. Bg2 e6 4. O-O Nf6 5. d3 Be7 6. c4 c6 7. cxd5 exd5 8. Nc3
d4 9. Ne4 Nxe4 10. dxe4 Bxe4 11. Qxd4 Qxd4 12. Nxd4 Bxg2 13. Kxg2 O-O 14. Rd1
Na6 15. e4 Rfe8 16. Be3 Bf6 17. f3 Nb4 18. a3 Nd5 19. Bf2 Nb6 20. Rac1 Rad8 21.
b4 Na4 22. Be3 a6 23. Kf2 g6 24. h4 h5 25. Rd2 Rd7 26. Nb3 Red8 27. Rxd7 Rxd7
28. f4 Rd3 29. Na5 Bb2 30. Rc2 Bxa3 31. Nxb7 Nc3 32. e5 Bxb4 33. Bb6 c5 34. Nxc5
Bxc5+ 35. Bxc5 Ne4+ 36. Kg2 Rxg3+ 37. Kh2 Rc3 38. Rxc3 Nxc3 39. Bb4 Nd5 40. Bd2
Kf8 41. Kg3 Ke7 42. Kf3 Ke6 43. Ke4 Ne7 44. Bc3 Nc6 0-1

[Event "46th Rilton Cup 2016-17"]
[Site "Stockholm SWE"]
[Date "2017.01.01"]
[Round "5.33"]
[White "Dahl, Trygve"]
[Black "Mihajlov, Sebastian"]
[Result "0-1"]
[BlackTitle "FM"]
[WhiteElo "2140"]
[BlackElo "2384"]
[WhiteFideId "1513427"]
[BlackFideId "1512110"]
[EventDate "2016.12.27"]

1. e4 e6 2. d4 d5 3. Nc3 Nf6 4. Bg5 Bb4 5. Ne2 dxe4 6. a3 Be7 7. Bxf6 Bxf6 8.
Nxe4 Nc6 9. c3 O-O 10. g3 Be7 11. Bg2 e5 12. d5 Nb8 13. c4 f5 14. N4c3 a5 15.
O-O Na6 16. Rb1 Kh8 17. Nc1 Qd6 18. Nd3 e4 19. Nf4 Bd7 20. f3 Qc5+ 21. Kh1 exf3
22. Qxf3 Qxc4 23. Rbe1 Bd6 24. Ne6 Rf6 25. Qh5 Qg4 26. Qxg4 fxg4 27. Ne4 Rxf1+
28. Bxf1 Re8 29. Nxd6 cxd6 30. Rc1 Kg8 31. Kg1 Bxe6 32. dxe6 Nc5 33. Bc4 Nxe6
34. Rd1 Kf8 35. Rxd6 Ng5 36. Rd7 b6 37. Kf2 Re5 38. a4 Nh3+ 39. Kf1 Rf5+ 40. Ke1
Rf2 41. b3 h5 42. Rb7 Rxh2 43. Rf7+ Ke8 44. Rxg7 Ng1 45. Bd5 Ne2 46. Rb7 Nxg3
47. Rxb6 Re2+ 48. Kd1 Re5 49. Re6+ Rxe6 50. Bxe6 Ke7 51. Bc8 Kd6 52. Ke1 Ke5 53.
b4 axb4 54. a5 b3 55. Kd1 Ne4 56. a6 Nc3+ 57. Kc1 Nb5 58. Kb2 Na7 59. Bb7 h4 0-1

[Event "46th Rilton Cup 2016-17"]
[Site "Stockholm SWE"]
[Date "2017.01.01"]
[Round "5.34"]
[White "Rydstrom, Tom"]
[Black "Gajic, Mladen"]
[Result "1-0"]
[WhiteTitle "FM"]
[BlackTitle "FM"]
[WhiteElo "2239"]
[BlackElo "2349"]
[WhiteFideId "1714830"]
[BlackFideId "1709178"]
[EventDate "2016.12.27"]

1. e4 Nf6 2. e5 Nd5 3. d4 d6 4. c4 Nb6 5. exd6 cxd6 6. Be3 g6 7. h4 h6 8. Nc3
Bg7 9. h5 g5 10. Rc1 O-O 11. b3 f5 12. f4 gxf4 13. Bxf4 e5 14. dxe5 dxe5 15.
Qxd8 Rxd8 16. Be3 Be6 17. Nb5 Rd7 18. Rd1 Rxd1+ 19. Kxd1 Nc6 20. Kc1 Bf8 21. Be2
f4 22. Bf2 Rd8 23. Nf3 Nc8 24. Rd1 Rxd1+ 25. Kxd1 a6 26. Nc7 Bf7 27. Nd5 Nd6 28.
Bh4 e4 29. Nd2 Nf5 30. Bf6 e3 31. Ne4 Nb4 32. Nxf4 Nxa2 33. Be5 Be7 34. Nd5 Bd8
35. g4 Nh4 36. Nxe3 b5 37. Nd6 Be6 38. Kc2 Nb4+ 39. Kc3 Nc6 40. Bg3 Bf6+ 41. Kd2
Nd4 42. Bd1 Nhf3+ 43. Kd3 Kf8 44. Nef5 bxc4+ 45. bxc4 Bxf5+ 46. gxf5 Ng5 47. c5
Ke7 48. Kc4 Nf7 49. Kd5 Nxd6 50. Bxd6+ Kd7 51. Be5 Bxe5 52. Kxe5 Nc6+ 53. Kf6
Ne7 54. Ba4+ Kd8 55. Ke6 1-0

[Event "46th Rilton Cup 2016-17"]
[Site "Stockholm SWE"]
[Date "2017.01.01"]
[Round "5.35"]
[White "Gulamali, Kazim"]
[Black "Prithu, Gupta"]
[Result "1-0"]
[WhiteTitle "FM"]
[WhiteElo "2341"]
[BlackElo "2219"]
[WhiteFideId "2024764"]
[BlackFideId "46618546"]
[EventDate "2016.12.27"]

1. Nf3 d5 2. c4 c6 3. e3 Nf6 4. Qc2 g6 5. b3 Bg7 6. Bb2 O-O 7. Be2 Bf5 8. d3 Na6
9. a3 dxc4 10. Qxc4 Qb6 11. Nbd2 Rad8 12. O-O Qc5 13. d4 Qxc4 14. Nxc4 Nc7 15.
Rac1 Ne4 16. Rfd1 Ne8 17. Nfe5 N4d6 18. Na5 Nf6 19. Nec4 Rb8 20. f3 Bh6 21. g4
Be6 22. Kf2 Nd5 23. f4 Ne4+ 24. Kf3 Ndf6 25. Ne5 Bd5 26. Bc4 Nc3+ 27. Bxd5 Nxd1
28. Bxf7+ Kg7 29. Rxd1 g5 30. h4 1-0

[Event "46th Rilton Cup 2016-17"]
[Site "Stockholm SWE"]
[Date "2017.01.01"]
[Round "5.36"]
[White "Louis, Thibault"]
[Black "Kucuksari, Kaan"]
[Result "0-1"]
[WhiteElo "2316"]
[BlackElo "2243"]
[WhiteFideId "681369"]
[BlackFideId "6380166"]
[EventDate "2016.12.27"]

1. e4 c6 2. d4 d5 3. e5 c5 4. dxc5 Nc6 5. a3 e6 6. Nf3 Bxc5 7. b4 Bb6 8. Bb2
Nge7 9. Bd3 Ng6 10. O-O O-O 11. Re1 Bd7 12. c4 dxc4 13. Bxc4 Rc8 14. Qb3 Nce7
15. Nbd2 Bc6 16. Rac1 Bd5 17. Ne4 Rxc4 18. Rxc4 Bxf2+ 19. Kxf2 b5 20. Rd4 Bxb3
21. Rxd8 Rxd8 22. Nd6 Nf4 23. Re3 Bc4 24. Kg3 Nd3 25. Bd4 Nf5+ 26. Nxf5 exf5 27.
Kh4 Nf4 28. Bxa7 Nxg2+ 29. Kg5 Nxe3 30. Bxe3 Rd3 31. Kf4 Bd5 32. Nd4 g5+ 33.
Kxg5 Rxe3 34. Nxf5 Rxe5 0-1

[Event "46th Rilton Cup 2016-17"]
[Site "Stockholm SWE"]
[Date "2017.01.01"]
[Round "5.37"]
[White "Tuomainen, Felix"]
[Black "Furhoff, Johan"]
[Result "1-0"]
[BlackTitle "IM"]
[WhiteElo "2228"]
[BlackElo "2311"]
[WhiteFideId "1720813"]
[BlackFideId "1701797"]
[EventDate "2016.12.27"]

1. d4 d5 2. c4 c6 3. Nc3 Nf6 4. cxd5 cxd5 5. Bf4 Nc6 6. e3 a6 7. Bd3 b5 8. Rc1
Bb7 9. Nge2 e6 10. a3 Rc8 11. f3 Nh5 12. Bg3 Nxg3 13. hxg3 g6 14. f4 Na5 15. Ng1
Nc4 16. Qe2 Qa5 17. Bxc4 Rxc4 18. Qd2 b4 19. axb4 Bxb4 20. Nf3 f6 21. g4 Bxc3
22. bxc3 O-O 23. g5 Ra4 24. Kf2 e5 25. dxe5 fxe5 26. Nxe5 d4 27. Kg3 Ra2 28.
Qxd4 Rd8 29. Nd7 Rxg2+ 30. Kh4 h6 31. Nf6+ Kf7 32. Qc4+ Kg7 33. e4 hxg5+ 34. Kh3
Rgd2 35. Rhg1 1-0

[Event "46th Rilton Cup 2016-17"]
[Site "Stockholm SWE"]
[Date "2017.01.01"]
[Round "5.38"]
[White "Prince, Bajaj"]
[Black "Ask, Josef"]
[Result "1-0"]
[WhiteTitle "CM"]
[WhiteElo "2305"]
[BlackElo "2201"]
[WhiteFideId "5045150"]
[BlackFideId "1704583"]
[EventDate "2016.12.27"]

1. e4 e5 2. Nf3 Nc6 3. Bb5 g6 4. c3 Nge7 5. d3 Bg7 6. Nbd2 a6 7. Ba4 b5 8. Bb3
Na5 9. Bc2 c5 10. Qe2 d6 11. Nf1 O-O 12. h4 h6 13. h5 g5 14. Nxg5 hxg5 15. Bxg5
f6 16. Bh4 Kh7 17. f4 Nac6 18. g4 exf4 19. h6 Bh8 20. d4 cxd4 21. e5+ f5 22. e6
Qe8 23. O-O-O Be5 24. Bxe7 Qxe7 25. gxf5 Kh8 26. Nh2 dxc3 27. Nf3 cxb2+ 28. Kb1
Bb7 29. Nh4 Qf6 30. Ng6+ Kh7 31. Nxf8+ Rxf8 32. Qh5 Na5 33. Qg6+ Qxg6 34. fxg6+
Kg8 35. g7 Re8 36. Rdg1 Bxg7 37. Rxg7+ Kh8 38. Rh7+ Kg8 39. Rg1+ Kf8 40. Rf7# 1-0

[Event "46th Rilton Cup 2016-17"]
[Site "Stockholm SWE"]
[Date "2017.01.01"]
[Round "5.39"]
[White "Petersson, Baldur Teodor"]
[Black "Ruecker, Benjamin"]
[Result "0-1"]
[WhiteElo "2074"]
[BlackElo "2275"]
[WhiteFideId "2309157"]
[BlackFideId "4677110"]
[EventDate "2016.12.27"]

1. e4 e5 2. Nf3 Nc6 3. Bc4 Nf6 4. d4 exd4 5. O-O Nxe4 6. Re1 d5 7. Bxd5 Qxd5 8.
Nc3 Qd7 9. Rxe4+ Be7 10. Nb5 O-O 11. Bf4 Bd8 12. Nbxd4 Bf6 13. c3 Nxd4 14. Nxd4
b6 15. Nf3 Qf5 16. Qd3 Ba6 17. Qe3 Bb7 18. Rc4 Rfe8 19. Qc1 Bxf3 20. gxf3 c5 21.
Qb1 Qh3 22. Bg3 h5 23. Qf1 Qf5 24. Rf4 Qg6 25. Qc4 Bg5 26. Re4 h4 27. Rg4 hxg3
28. h4 Qc2 29. Rxg3 Bh6 0-1

[Event "46th Rilton Cup 2016-17"]
[Site "Stockholm SWE"]
[Date "2017.01.01"]
[Round "5.40"]
[White "Sorensen, Hampus"]
[Black "Sadhwani, Raunak"]
[Result "0-1"]
[BlackTitle "CM"]
[WhiteElo "2040"]
[BlackElo "2246"]
[WhiteFideId "8703884"]
[BlackFideId "35093487"]
[EventDate "2016.12.27"]

1. d4 Nf6 2. c4 e6 3. Nf3 d5 4. Nc3 dxc4 5. Bg5 a6 6. a4 h6 7. Bxf6 Qxf6 8. e4
Bb4 9. Bxc4 O-O 10. O-O Rd8 11. Qc2 Nc6 12. d5 Ne5 13. Nxe5 Qxe5 14. Rad1 Bc5
15. Kh1 exd5 16. Nxd5 Bg4 17. f3 Bd6 18. f4 Bxd1 19. Rxd1 Qh5 20. e5 Bf8 21. Be2
Qg6 22. Qxc7 Qc6 23. Qa5 b6 24. Qxb6 Qxb6 25. Nxb6 Rxd1+ 26. Bxd1 Rd8 27. Bf3
Rd2 28. g3 Rxb2 29. Nc8 Bc5 30. Bc6 Rb8 31. Bd7 Rb7 32. Bg4 Rb1+ 33. Kg2 Rb2+
34. Kh1 g6 35. Bd7 Rb7 36. Bg4 Rb1+ 37. Kg2 Rb2+ 38. Kh1 h5 39. Bf3 Rb8 40. Nd6
Bxd6 41. exd6 Rd8 42. Kg2 Rxd6 43. Bb7 Rd2+ 44. Kf3 Rxh2 45. Bxa6 Ra2 46. Bb5
Ra3+ 47. Kg2 Kg7 48. Kh3 f6 49. Be8 Kh6 50. Bd7 Ra2 51. g4 Ra3+ 52. Kg2 hxg4 0-1

[Event "46th Rilton Cup 2016-17"]
[Site "Stockholm SWE"]
[Date "2017.01.01"]
[Round "5.41"]
[White "Wiander, Michael"]
[Black "Grueso Cordoba, Santiago"]
[Result "1-0"]
[WhiteTitle "CM"]
[WhiteElo "2246"]
[BlackElo "2171"]
[WhiteFideId "1702580"]
[BlackFideId "1723529"]
[EventDate "2016.12.27"]

1. d4 Nf6 2. f3 c5 3. d5 d6 4. e4 g6 5. Nc3 Bg7 6. Be3 O-O 7. Qd2 a6 8. Bh6 e6
9. O-O-O exd5 10. Bxg7 Kxg7 11. Nxd5 Nxd5 12. exd5 Re8 13. Ne2 Qe7 14. Ng3 f5
15. Bd3 Qe3 16. Qxe3 Rxe3 17. h4 Re5 18. f4 Re3 19. Rh3 Re8 20. h5 Nd7 21. hxg6
hxg6 22. Bxf5 gxf5 23. Nxf5+ Kf6 24. Nxd6 Rg8 25. Rh7 Nf8 26. Rf7+ Kg6 27. f5+
Kg5 28. Rf1 b6 29. Ne4+ Kh5 30. Nf6+ 1-0

[Event "46th Rilton Cup 2016-17"]
[Site "Stockholm SWE"]
[Date "2017.01.01"]
[Round "5.42"]
[White "Santarius, Erik F"]
[Black "Matta, Vinay Kumar"]
[Result "0-1"]
[BlackTitle "FM"]
[WhiteElo "2312"]
[BlackElo "2227"]
[WhiteFideId "2025817"]
[BlackFideId "5016649"]
[EventDate "2016.12.27"]

1. e4 e5 2. Nf3 Nc6 3. Bc4 Bc5 4. c3 Nf6 5. d3 a6 6. O-O Ba7 7. Bb3 h6 8. Nbd2
O-O 9. h3 d6 10. Re1 Re8 11. Nf1 Na5 12. Bc2 c5 13. Ng3 Nc6 14. Nh4 d5 15. Qf3
dxe4 16. dxe4 Nh7 17. Nhf5 Bxf5 18. Nxf5 Qf6 19. Bb3 Ne7 20. Be3 Nxf5 21. exf5
e4 22. Qg4 Re5 23. Rad1 Qc6 24. Bf4 Nf6 25. Bxf7+ Kh8 26. Qg6 Re7 27. Rd6 Qc7
28. Be6 c4 29. Red1 Bc5 30. Be5 Bxd6 31. Rxd6 Rf8 32. Rd7 Qxd7 33. Bxd7 Rxe5 34.
Be6 Rb5 35. g4 Rxb2 36. h4 Rd8 37. Bxc4 e3 38. fxe3 Rd1+ 39. Bf1 Rbb1 40. g5
Rxf1+ 41. Kg2 Rg1+ 42. Kf3 Rb2 43. e4 Rf1+ 44. Kg3 Nxe4+ 45. Kh3 Nf6 0-1

[Event "46th Rilton Cup 2016-17"]
[Site "Stockholm SWE"]
[Date "2017.01.01"]
[Round "5.43"]
[White "Narva, Mai"]
[Black "Kolbus, Dietmar"]
[Result "1/2-1/2"]
[WhiteTitle "WIM"]
[BlackTitle "IM"]
[WhiteElo "2218"]
[BlackElo "2299"]
[WhiteFideId "4500512"]
[BlackFideId "4610628"]
[EventDate "2016.12.27"]

1. e4 c6 2. Nc3 d5 3. Nf3 Bg4 4. h3 Bxf3 5. Qxf3 e6 6. d4 Nf6 7. Bd3 dxe4 8.
Nxe4 Qxd4 9. Be3 Qd8 10. O-O-O Nbd7 11. Bd4 Be7 12. Bc4 Qc7 13. g4 Nxe4 14. Qxe4
Nf6 15. Qf3 O-O 16. Rde1 Nd5 17. Kb1 Bf6 18. Bxf6 Nxf6 19. h4 Nd5 20. g5 b5 21.
Bd3 Qf4 22. Qh5 g6 23. Qh6 Qd4 24. h5 Qg7 25. hxg6 hxg6 26. Qh4 Rfd8 27. Rh3 Kf8
28. Qe4 Ke7 29. f4 Kd7 30. c4 bxc4 31. Bxc4 Rab8 32. Bb3 Rb4 33. Qe2 Rh8 34. Rd3
Rhb8 35. Qf2 R8b7 36. Rc1 R7b6 37. Rd2 Qf8 38. Qf3 Qd6 39. Bc4 Rb8 40. a3 R4b6
41. Rh1 Re8 42. Rhd1 Kc7 43. Ka2 Kb8 44. Qe4 Rh8 45. Bb3 Rc8 46. Rd3 Rc7 47. Rh1
Kb7 48. Qf3 Rd7 49. Rhd1 Ka8 50. Qe4 Rdb7 51. Rh1 Qc7 52. Rf3 Rb8 53. Rh4 Qb7
54. Qc4 Rb5 55. Qc2 Qa6 56. Kb1 Qb6 57. Ka2 Ne3 58. Rxe3 Qxe3 59. Qxc6+ R5b7 60.
Bc2 Qd2 61. b3 Rd8 62. Rh1 Qd5 63. Qxd5 exd5 64. Kb2 Rc7 65. Rd1 Kb7 66. Rd4 Re8
67. Bd3 Kc6 68. b4 Rh8 69. Bc2 Rh2 70. Kb3 Rf2 71. Bd3 Re7 72. Ka4 Re3 73. Bb5+
Kc7 74. Rxd5 Rff3 75. Rd7+ Kc8 76. Bc6 Rxa3+ 77. Kb5 Rxf4 78. Re7 Rf5+ 79. Kc4
Ra1 80. b5 Rxg5 81. Rxf7 Rgg1 82. Kc5 Rac1+ 83. Kd6 Rgd1+ 84. Bd5 Rxd5+ 85. Kxd5
Rc7 86. Rf6 Rg7 87. b6 axb6 88. Rxb6 g5 89. Rb3 g4 90. Rg3 Kc7 1/2-1/2

[Event "46th Rilton Cup 2016-17"]
[Site "Stockholm SWE"]
[Date "2017.01.01"]
[Round "5.44"]
[White "Storme, Isak"]
[Black "Haug, Johannes"]
[Result "0-1"]
[BlackTitle "FM"]
[WhiteElo "2152"]
[BlackElo "2287"]
[WhiteFideId "1728113"]
[BlackFideId "1509268"]
[EventDate "2016.12.27"]

1. e4 c6 2. d4 d5 3. Nc3 dxe4 4. Nxe4 Bf5 5. Qf3 e6 6. Ne2 Nd7 7. N2g3 Bg6 8.
Bd3 Ngf6 9. Bf4 Nxe4 10. Nxe4 Nf6 11. O-O-O Be7 12. Be5 Nxe4 13. Bxe4 Bxe4 14.
Qxe4 O-O 15. Qg4 Bf6 16. f4 Bxe5 17. dxe5 Qa5 18. a3 Rad8 19. Rxd8 Rxd8 20. Rd1
h6 21. g3 Rd5 22. Qe2 Kh7 23. c4 Rxd1+ 24. Qxd1 Qc5 25. Qd3+ g6 26. Qd7 Qxc4+
27. Kb1 Qe4+ 28. Kc1 Qh1+ 29. Kc2 Qxh2+ 30. Kc1 Qh1+ 31. Kc2 Qg2+ 32. Kb1 Kg7
33. Qe7 Qxg3 34. Qf6+ Kg8 35. Qd8+ Kh7 36. Qd4 b6 37. f5 exf5 38. e6 Qe1+ 0-1

[Event "46th Rilton Cup 2016-17"]
[Site "Stockholm SWE"]
[Date "2017.01.01"]
[Round "5.45"]
[White "Betaneli, Alexander"]
[Black "Lahlum, Hans Olav"]
[Result "1/2-1/2"]
[WhiteTitle "FM"]
[WhiteElo "2252"]
[BlackElo "2145"]
[WhiteFideId "2012359"]
[BlackFideId "1501348"]
[EventDate "2016.12.27"]

1. c4 e6 2. g3 d5 3. Bg2 Nf6 4. Nf3 d4 5. O-O c5 6. e3 Nc6 7. exd4 cxd4 8. d3
Be7 9. Re1 O-O 10. Na3 Bd6 11. Nc2 e5 12. b4 Re8 13. c5 Bc7 14. Bg5 Bg4 15. h3
Bh5 16. g4 Bg6 17. b5 Na5 18. Nb4 Qd7 19. Bxf6 gxf6 20. c6 bxc6 21. Nd2 cxb5 22.
Ne4 Bxe4 23. Bxe4 Rab8 24. Nd5 Bd8 25. Rc1 Kg7 26. Qf3 Qe6 27. Rc5 Nc6 28. Nc7
Bxc7 29. Rxc6 Bd6 30. Rec1 Rec8 31. Bf5 Rxc6 32. Rxc6 Qe7 33. h4 Rb6 34. Rxb6
axb6 35. Qe4 Qc7 36. Bxh7 Qc1+ 37. Kg2 Qh6 38. Bf5 Qxh4 39. Qb7 Qh8 40. Qxb6 Qb8
41. Qxb8 1/2-1/2